Riemann surfaces /

Guardado en:
Autor Principal: Ahlfors, Lars Valerian, 1907-1996.
Otros Autores: Sario, Leo.
Formato: Libro
Idioma:English
Publicado: Princeton, New Jersey : Princeton University Press, 1960.
Series:Princeton mathematical series ; 26
Etiquetas: Agregar Etiqueta
Sin Etiquetas, Sea el primero en etiquetar este registro!
LEADER 00562nam a22001695a 4500
001 MAT.inmabb001094
008 031120s1960####nju###########000#0#eng#d
005 20150318132446.0
245 1 0 |a Riemann surfaces /  |c by Lars Ahlfors and Leo Sario. 
260 |a Princeton, New Jersey :  |b Princeton University Press,  |c 1960. 
300 |a xi, 382 p. ;  |c 24 cm. 
440 0 |a Princeton mathematical series ;  |v 26 
510 4 |a MR,  |c 22 #5729 
100 1 |a Ahlfors, Lars Valerian,  |d 1907-1996. 
700 1 |a Sario, Leo. 
084 |a 30Fxx  |2 msc2000 
859 |h 30  |i Ah285r  |p A-1054  |b BIB. MATEMATICA